Statistiques concernant Personnalités dont le nom commence par les lettres U et V (par images)

Cliquez ici pour prendre le quiz!

Statistiques générales

  • Ce quiz a été pris 250 fois
  • Le résultat moyen est 12 sur 20

Statistiques - réponses

Réponse% Correct
Vianney
94%
Simone Veil
91%
Manuel Valls
88%
Jean-Claude Van Damme
86%
Vitaa
80%
Laurent Voulzy
79%
Raphaël Varane
78%
Samuel Umtiti
71%
Max Verstappen
69%
Francky Vincent
57%
Gilles Verdez
52%
Gaspard Ulliel
49%
David Villa
45%
Sébastien Vettel
44%
Lino Ventura
36%
Sylvie Vartan
36%
Karin Viard
33%
Jonas Vingegaard
29%
Marco Van Basten
28%
Skeet Ulrich
6%

Distribution des résultats

Percentile par nombre de réponses

% des personnes avec chaque résultat

Votre développement - résultats

Vous n’avez pas pris ce quiz